000 00594nam a2200181Ia 4500
008 100917s9999 xx 000 0 und d
082 _b47825
100 _aजोशी भा. श्री.
245 _aसर्प - दंश-विष- बाधा - उपचार
260 _bपरंधाम प्रकाशन
_c---
300 _a75
365 _b2.5
520 _a---
630 _aसर्प - दंश-विष- बाधा - उपचार
650 _a---
730 _aसर्प - दंश-विष- बाधा - उपचार
942 _cBOOK
999 _c653219
_d653216